Growing up in World War II, 1941-1945 / (Record no. 259403)
[ view plain ]
| 000 -LEADER | |
|---|---|
| fixed length control field | 01281nam a2200349Ia 4500 |
| 001 - CONTROL NUMBER | |
| control field | ocm49493039 |
| 003 - CONTROL NUMBER IDENTIFIER | |
| control field | OCoLC |
| 005 - DATE AND TIME OF LATEST TRANSACTION | |
| control field | 20200320180205.0 |
| 008 - FIXED-LENGTH DATA ELEMENTS--GENERAL INFORMATION | |
| fixed length control field | 020124s2003 mnua b 001 0 eng |
| 010 ## - LIBRARY OF CONGRESS CONTROL NUMBER | |
| LC control number | 2002000951 |
| 020 ## - INTERNATIONAL STANDARD BOOK NUMBER | |
| International Standard Book Number | 0822506602 |
| 035 ## - SYSTEM CONTROL NUMBER | |
| System control number | ()35633 |
| 035 ## - SYSTEM CONTROL NUMBER | |
| System control number | 15073762 |
| 040 ## - CATALOGING SOURCE | |
| Original cataloging agency | DLC |
| Transcribing agency | DLC |
| 042 ## - AUTHENTICATION CODE | |
| Authentication code | lcac |
| 043 ## - GEOGRAPHIC AREA CODE | |
| Geographic area code | n-us--- |
| 092 ## - LOCALLY ASSIGNED DEWEY CALL NUMBER (OCLC) | |
| Classification number | J 940.53 |
| Item number | Josephson |
| 100 1# - MAIN ENTRY--PERSONAL NAME | |
| Personal name | Josephson, Judith Pinkerton. |
| 9 (RLIN) | 5825262 |
| 245 10 - TITLE STATEMENT | |
| Title | Growing up in World War II, 1941-1945 / |
| Statement of responsibility, etc | by Judith Pinkerton Josephson. |
| 246 3# - VARYING FORM OF TITLE | |
| Title proper/short title | Growing up in World War 2, 1941-1945. |
| 246 3# - VARYING FORM OF TITLE | |
| Title proper/short title | Growing up in World War Two, 1941-1945. |
| 260 ## - PUBLICATION, DISTRIBUTION, ETC. (IMPRINT) | |
| Place of publication, distribution, etc | Minneapolis : |
| Name of publisher, distributor, etc | Lerner, |
| Date of publication, distribution, etc | 2003. |
| 300 ## - PHYSICAL DESCRIPTION | |
| Extent | 64 p. : |
| Other physical details | ill. ; |
| Dimensions | 26 cm. |
| 440 #0 - SERIES STATEMENT/ADDED ENTRY--TITLE | |
| Title | Our America. |
| 9 (RLIN) | 5825263 |
| 504 ## - BIBLIOGRAPHY, ETC. NOTE | |
| Bibliography, etc | Includes bibliographical references (p. 62-63) and index. |
| 650 #0 - SUBJECT ADDED ENTRY--TOPICAL TERM | |
| Topical term or geographic name as entry element | World War, 1939-1945 |
| General subdivision | Children |
| Geographic subdivision | United States |
| Form subdivision | Juvenile literature. |
| 9 (RLIN) | 5825264 |
| 650 #0 - SUBJECT ADDED ENTRY--TOPICAL TERM | |
| Topical term or geographic name as entry element | Children and war |
| Geographic subdivision | United States |
| Form subdivision | Juvenile literature. |
| 9 (RLIN) | 5825265 |
| 651 #0 - SUBJECT ADDED ENTRY--GEOGRAPHIC NAME | |
| Geographic name | United States |
| General subdivision | Social conditions |
| Chronological subdivision | 1933-1945 |
| Form subdivision | Juvenile literature. |
| 9 (RLIN) | 5825266 |
| 942 ## - ADDED ENTRY ELEMENTS (KOHA) | |
| Koha item type | BOOK |
| 948 ## - LOCAL PROCESSING INFORMATION (OCLC); SERIES PART DESIGNATOR (RLIN) | |
| Series part designator, SPT (RLIN) | 05/11/2004 |
| z (OCLC) | Sirsi |
| 996 ## - | |
| -- | 35633 |
| -- | 34301000385452 |
| -- | JNF |
| -- | BK |
| -- | WCL |
| -- | i |
| -- | 8 |
| -- | 16.00 |
| -- | BTSB |
| -- | 940.53 Jos |
| -- | 05/07/2003 |
| -- | 07/02/2018 |
| -- | 05/26/2018 |
| Withdrawn status | Lost status | Source of classification or shelving scheme | Damaged status | Not for loan | Collection code | Home library | Current library | Shelving location | Date acquired | Cost, normal purchase price | Total Checkouts | Total Renewals | Full call number | Barcode | Date last seen | Date checked out | Cost, replacement price | Price effective from | Koha item type |
|---|---|---|---|---|---|---|---|---|---|---|---|---|---|---|---|---|---|---|---|
| Dewey Decimal Classification | Junior NonFiction | Wasatch County Library | Wasatch County Library | Second Floor | 05/07/2003 | 16.00 | 11 | 3 | J 940.53 Jos | 34301000385452 | 12/26/2025 | 08/20/2025 | 16.00 | 03/20/2020 | BOOK |
